UM Logo

Comparative Analysis of Communication Strategies Used in Teaching Percent Problems In UM Digos College. (Record no. 6354)

MARC details
000 -LEADER
fixed length control field 00639nam a22001577a 4500
008 - FIXED-LENGTH DATA ELEMENTS--GENERAL INFORMATION
fixed length control field 170308b xxu||||| |||| 00| 0 eng d
082 ## - DEWEY DECIMAL CLASSIFICATION NUMBER
Edition number 2016
Classification number UT 0689
Item number W18
100 ## - MAIN ENTRY--PERSONAL NAME
9 (RLIN) 19088
Personal name Wamar, Jessie Lyn A.
245 ## - TITLE STATEMENT
Title Comparative Analysis of Communication Strategies Used in Teaching Percent Problems In UM Digos College.
Statement of responsibility, etc. Jessie Lyn A. Wamar, Roel G. Cabulanan and Rose mary Joy C. Cardeño.
300 ## - PHYSICAL DESCRIPTION
Extent 56 pages;
Other physical details 29 cm.
650 #0 - SUBJECT ADDED ENTRY--TOPICAL TERM
9 (RLIN) 19089
Topical term or geographic name as entry element Education
Form subdivision Mathematics
General subdivision Undergraduate Thesis.
700 ## - ADDED ENTRY--PERSONAL NAME
9 (RLIN) 19090
Personal name Wamar, Jessie Lyn A.
700 ## - ADDED ENTRY--PERSONAL NAME
9 (RLIN) 19091
Personal name Cabulanan, Roel G.
700 ## - ADDED ENTRY--PERSONAL NAME
9 (RLIN) 19092
Personal name Cardeño, Rose Mary Joy C.
942 ## - ADDED ENTRY ELEMENTS (KOHA)
Source of classification or shelving scheme Dewey Decimal Classification
Koha item type Undergraduate Thesis
Holdings
Withdrawn status Lost status Source of classification or shelving scheme Damaged status Not for loan Home library Current library Date acquired Total Checkouts Full call number Barcode Date last seen Copy number Price effective from Koha item type
    Dewey Decimal Classification     UM Digos College - LIC UM Digos College - LIC 11/07/2016   UT 0689 W18 2016 UT0689 03/08/2017 1 03/08/2017 Undergraduate Thesis
    Dewey Decimal Classification     UM Digos College - LIC UM Digos College - LIC 02/27/2017   UT 0731 W18 2016 UT0731 04/18/2017 2 04/18/2017 Undergraduate Thesis
    Dewey Decimal Classification     UM Digos College - LIC UM Digos College - LIC 02/27/2017   UT 0732 W18 2016 UT0732 04/18/2017 3 04/18/2017 Undergraduate Thesis